000 00518nam a22001817a 4500
003 OSt
005 20220107122827.0
008 170630b xxu||||| |||| 00| 0 eng d
040 _cIIITMK
100 _aBhikkhu, Anandajoti
_912050
245 _aChanting for meditators :
_bA monthly schedule from myanmar
260 _aTaiwan,
_bThe corporate body of the budha educational foundation,
_c2016
300 _a207p
650 _aBUDDHA
_912051
650 _aMEDITATORS
_912052
650 _aCHANTS
_912053
942 _2ddc
_cBK
999 _c5670
_d5670